|
|
|
|
| LEADER |
00000nab a2200000 ar4500 |
| 001 |
vtls009007443 |
| 003 |
SK-MaSNL |
| 005 |
20260303065442.0 |
| 008 |
070716c2007 xo |||||||||||000 b|slo |
| 015 |
|
|
|a SNBRB2007/07
|2 snkbucl
|
| 038 |
|
|
|a SNKBUCL
|
| 040 |
|
|
|a SNKBUCL
|b slo
|c SNKBUCL
|e AACR2
|
| 041 |
0 |
|
|a slo
|
| 044 |
|
|
|a xo
|c SK
|
| 080 |
|
|
|a 771.46:77.089:004.932
|2 2001
|
| 080 |
|
|
|a 681.846.8
|2 2001
|
| 080 |
|
|
|a 621.397.45
|2 2001
|
| 080 |
|
|
|a 77.089:004.932
|2 2001
|
| 080 |
|
|
|a 004.357
|2 2001
|
| 100 |
1 |
|
|a Orviský, Peter
|4 aut
|9 18820
|
| 245 |
1 |
0 |
|a Epson P-5000
|c Peter Orviský
|
| 300 |
|
|
|b Obr., tab.
|
| 650 |
0 |
7 |
|a Epson P-5000 (fotobanka)
|2 snkbucl
|9 1065524
|
| 650 |
0 |
7 |
|a fotobanky
|2 snkbucl
|9 103872
|
| 650 |
0 |
7 |
|a prenosné multimediálne prehrávače
|2 snkbucl
|9 1034296
|
| 773 |
0 |
|
|t DiGi revue
|g Roč. 3, č. 7-8 (2007), s. 31
|x 1336-5754
|
| 852 |
|
|
|a SNK
|b KIS3GCP
|
| 999 |
|
|
|c 1751252
|d 1753182
|